000 00376nam a2200133Ia 4500
008 151001s9999||||xx |||||||||||||| ||und||
100 _aनिशा ग्रेवाल
245 _aबच्चों का मन
250 _a1
260 _bराजेंद्र प्रकाशन ठाणे
260 _c2007
300 _a16
365 _b21
999 _c992524
_d992521